000
00230nam a22000857a 4500
008
161021b xxu||||| |||| 00| 0 eng d
100
_9
913
_a
Felleman.H.
245
_a
The Best Loved Poems
260
_a
Newyork
_b
Doubleday Publications
_c
1936
999
_c
3567
_d
3567